Canal principal de la zona de riego Catriel, Dpto.General Roca, Pcia.de Río Negro /

Guardado en:
Autor Principal: Yañez, Jorge A.
Formato: Libro
Idioma:Spanish
Publicado: Bahía Blanca : Universidad Nacional del Sur, s.f.
Series:Depto.de Ingeniería. Trabajo final de carrera
Etiquetas: Agregar Etiqueta
Sin Etiquetas, Sea el primero en etiquetar este registro!
LEADER 00578nam a22001575a 4500
001 EUN.um038468
003 AR-BaUNS
005 20050623122910.0
008 041125ss.f.####ag#a##########000#0#spa#d
245 1 0 |a Canal principal de la zona de riego Catriel, Dpto.General Roca, Pcia.de Río Negro /  |c Jorge A. Yañez. 
260 |a Bahía Blanca :  |b Universidad Nacional del Sur,  |c s.f. 
300 |a 34 h. :  |b ilus. ;  |c 29,5 cm. . 
490 0 |a Depto.de Ingeniería. Trabajo final de carrera 
100 1 |a Yañez, Jorge A. 
082 0 4 |a 627.5 
859 |a Ar-BaUNS  |b BIB. CENTRAL - Sector C  |h 627.5  |i Y17  |p 86346/981